| 000 | 00974cam a22001934a 4500 | ||
|---|---|---|---|
| 005 | 20250605163940.0 | ||
| 008 | 250528s ||||||||||||||||||||||||d | ||
| 035 | _a15005 | ||
| 020 | _a863771238 | ||
| 040 |
_aGR-AtMCL _bgre _dGR-AtMCL _eAACR2 |
||
| 245 | 1 | _aAn Introduction to Human - Computer Interaction | |
| 260 |
_bLawrence Erlbaum Associates, Publishers, _c1992 |
||
| 300 | _a272 | ||
| 520 | _aA comprehensive and authoritative introduction to the burgeoning discipline of human-computer interaction. Acknowledgements, Preface, Introducing Human-Computer Interaction, Interactional Devices and Technologies, Human-Computer Dialogue, Cognitive Models in Human Computer Interaction, Usability in Human-Computer Interaction, The Design and Development Process, The Organizational Impact of Computer Systems, The Future of Human-Computer Interaction, Glossary, Reference, Index. | ||
| 700 | 1 |
_aBooth A. Paul _9831 |
|
| 942 | _cBK | ||
| 999 |
_c611 _d611 |
||